Meilleur gardien par années depuis 1990 (football) - Statistiques

Statistiques générales
  • Ce quiz a été pris 807 fois
  • Le résultat moyen est 25 sur 33
Statistiques - réponses
Saison Sélection
National
Club Joueur % Correct
2022 Belgique Real Madrid Thibaut Courtois
100%
2018 Belgique Chelsea FC / Real Madrid Thibaut Courtois
100%
2020 Allemagne Bayern Munich Manuel Neuer
98%
2016 Allemagne Bayern Munich Manuel Neuer
98%
2015 Allemagne Bayern Munich Manuel Neuer
98%
2014 Allemagne Bayern Munich Manuel Neuer
98%
2013 Allemagne Bayern Munich Manuel Neuer
98%
2017 Italie Juventus Gianluigi Buffon
97%
2007 Italie Juventus Gianluigi Buffon
97%
2006 Italie Juventus Gianluigi Buffon
97%
2004 Italie Juventus Gianluigi Buffon
97%
2003 Italie Juventus Gianluigi Buffon
97%
2012 Espagne Real Madrid Iker Casillas
96%
2011 Espagne Real Madrid Iker Casillas
96%
2010 Espagne Real Madrid Iker Casillas
96%
2009 Espagne Real Madrid Iker Casillas
96%
2008 Espagne Real Madrid Iker Casillas
96%
2021 Italie Milan AC / Paris Saint-Germain Gianluigi Donnarumma
93%
2019 Brésil Liverpool Alisson
88%
2000 France AS Monaco / Manchester United Fabien Barthez
86%
2002 Allemagne Bayern Munich Oliver Kahn
83%
2001 Allemagne Bayern Munich Oliver Kahn
83%
1999 Allemagne Bayern Munich Oliver Kahn
83%
2005 Tchécoslovaquie Chelsea Petr Čech
70%
1993 Danemark Manchester United Peter Schmeichel
64%
1992 Danemark Manchester United Peter Schmeichel
64%
1998 Paraguay Vélez Sársfield José Luis Chilavert
30%
1997 Paraguay Vélez Sársfield José Luis Chilavert
30%
1995 Paraguay Vélez Sársfield José Luis Chilavert
30%
1994 Belgique FC Malines / Benfica Lisbonne Michel Preud'homme
17%
1996 Allemagne Olympique de Marseille Andreas Köpke
13%
1991 Italie Inter Milan Walter Zenga
8%
1990 Italie Inter Milan Walter Zenga
8%
Aucun quiz correspondant
Distribution des résultats
% des personnes avec chaque résultat
Percentile par nombre de réponses
Votre historique - résultats
Vous n’avez pas pris ce quiz